00424 2200169 4500001002100000008004100021035002000062245004900082100001300131260003000144300001300174020001800187084001400205082000800219650001000227990001700237INLIS000000000000053 ind  a0010-0724000053 aDetektif Konyol Darah Pulau DewatacRudiyant aRudiyant aJakarta :bGramediac2013 a254 hlm. a602-7906-04-9 a813 RUD d a813 aFiksi aP29/CP/24/53